Mapa topologiczna Azji - Statystyki

Ogólne statystyki
  • Ten quiz został rozwiązany 1 380 razy
  • Średni wynik to 24 z 41
Odpowiedzi na mapie
Odpowiedzi zakodowano w zielono-czerwonej skali na mapie do tego quizu, zgodnie z poniższymi procentami.
 
Statystyki odpowiedzi
Odpowiedź % Poprawnych
Rosja
81%
Chiny
74%
Turcja
67%
Mongolia
66%
Arabia Saudyjska
65%
Indie
65%
Jemen
65%
Armenia
63%
Izrael
63%
Oman
63%
Zjednoczone Emiraty Arabskie
63%
Azerbejdżan
62%
Bhutan
62%
Gruzja
61%
Irak
61%
Iran
61%
Jordania
61%
Kuwejt
61%
Nepal
61%
Syria
61%
Katar
60%
Korea Północna
60%
Korea Południowa
59%
Liban
57%
Indonezja
56%
Afganistan
55%
Pakistan
55%
Kazachstan
54%
Mjanma
54%
Malezja
53%
Tajlandia
53%
Timor Wschodni
53%
Bangladesz
52%
Brunei
52%
Turkmenistan
47%
Uzbekistan
46%
Wietnam
46%
Kambodża
45%
Tadżykistan
44%
Kirgistan
43%
Laos
41%
Nie znaleziono quizów pasujących do podanych kryteriów
Rozkład punktacji
Procent ludzi z każdym wynikiem
Percentyl według liczby udzielonych odpowiedzi
Twoja historia wyników
Nie rozwiązałeś tego quizu